| 000 | 00912nac a22002051u 4500 | ||
|---|---|---|---|
| 010 | _a 2002190382 | ||
| 020 | _a076580932X (pbk. : alk. paper) | ||
| 082 | 0 | 0 |
_a320.01 _bB3801 |
| 090 |
_c2043 _d2043 |
||
| 100 | _aBeard, Charles Austin, | ||
| 245 | 1 | 4 |
_aThe economic basis of politics / _cCharles A. Beard ; with a new introduction by Clyde W. Barrow. |
| 260 |
_aNew Brunswick, N.J. : _bTransaction Publishers,2002 _c2002. |
||
| 300 |
_aviii, 112 p. ; _c23 cm. |
||
| 500 | _aOrignally published : New York : A.A. Knopf, 1922. | ||
| 504 | _aIncludes bibliographical references and index. | ||
| 650 | 0 | _aPolitical science. | |
| 700 | 1 | _aBarrow, Clyde W. | |
| 942 |
_cBB _k320.01B3801 |
||
| 999 |
_c2043 _d2043 |
||